Extensions de A-Z - Statistiques

Statistiques générales
  • Ce quiz a été pris 16 fois
  • Le résultat moyen est 11 sur 26
Statistiques - réponses
Hint Réponse % Correct
P pdf, py, php, png, ppt, pl
100%
J json, jar, java, js, jpeg, jpg
92%
E exe, el
77%
T tar, txt, tgz, torrent, tmp
77%
M mp3, mp4, md, mov, mid, msi
69%
B bin, bmp, bat, b64
62%
D deb, disk, doc, docx
62%
H helm, html, heif
62%
X xlsx, xlsm, xsl, xml, xhtml
62%
R rar, raw, rb, rtf, res, rc
54%
Z zip
54%
A avi, apk, arc, aup
46%
G go, git, gif, gpkg
38%
W wav, win, war, webP, webM
38%
0-9 7z
31%
C class, csv, css, crt
31%
I ipynb, ico, ini, iso, img
31%
S sh, svg, sig, sql, sys
31%
F fig, flv
23%
K key, ksh, kml
15%
N nbt
15%
O old, ott, ova
15%
L log, lnk, latex, lha
8%
U url, uha
8%
Y yml
8%
V vdi, vhd, vmdk
0%
Aucun quiz correspondant
Distribution des résultats
% des personnes avec chaque résultat
Percentile par nombre de réponses
Votre historique - résultats
Vous n’avez pas pris ce quiz